People of the Weimar Republic - Pictures - Statistics

General Stats
  • This quiz has been taken 118 times
    112 since last reset
  • The average score is 7 of 20
Answer Stats
Picture Answer % Correct
Paul von Hindenburg
94%
Franz von Papen
65%
Gustav Stresemann
62%
Friedrich Ebert
60%
Rosa Luxemburg
58%
Kurt von Schleicher
52%
Erich Ludendorff
47%
Heinrich Brüning
37%
Karl Liebknecht
35%
Bertold Brecht
26%
Hermann Müller
23%
Thomas Mann
23%
Philipp Scheidemann
20%
August von Mackensen
19%
Alfred Hugenberg
16%
Kurt Weill
11%
Erich Maria Remarque
9%
Max Planck
9%
Matthias Erzberger
2%
Hugo Preuß
0%
No matching quizzes found
Score Distribution
Percent of People with Each Score
Percentile by Number Answered
Your Score History
You have not taken this quiz since the last reset